Statistiche per Riconosci lo Stato - Quiz n°44

Clicka qui per fare il quiz!

Statistiche generali

  • Questo quiz è stato fatto 13 volte
  • Il punteggio medio è 10 su 12

Statistiche sulle risposte

IndizioRisposta% Corretto
ValutaDollaro
100%
Popolazione
17 900 ab.
92%
Iniziale della CapitaleN
92%
Presidente della RepubblicaSurangel Whipps Jr.
92%
Indipendenza1º ottobre 1994 dagli Stati Uniti
1919 dalla Germania
85%
Superficie458 km²
85%
Tasso di crescita0,361%
77%
ISU0,826
77%
PIL (nominale)234 milioni di $ (2012)
77%
RispostaPalau
77%
Forma di GovernoRepubblica presidenziale
77%
Fuso OrarioUTC+9
77%

Distribuzione punteggi

Percentile per numero di risposta

Percentuale di utenti per punteggio

I tuoi punteggi nel tempo

Non hai fatto questo quiz